| 000 -LEADER |
| fixed length control field |
00480nam a22001697a 4500 |
| 008 - FIXED-LENGTH DATA ELEMENTS--GENERAL INFORMATION |
| fixed length control field |
131113b xxu||||| |||| 00| 0 ger d |
| 020 ## - INTERNATIONAL STANDARD BOOK NUMBER |
| International Standard Book Number |
3701504075 |
| 041 0# - LANGUAGE CODE |
| Language code of text/sound track or separate title |
ger |
| 080 ## - UNIVERSAL DECIMAL CLASSIFICATION NUMBER |
| Universal Decimal Classification number |
339.138 |
| Common auxiliary subdivision |
(510) |
| 100 1# - Rafti |
| Rafti |
Krott, Martin F. |
| 245 10 - TITLE STATEMENT |
| Title |
Markt-Macht China : |
| Statement of responsibility, etc |
Martin F. Krott |
| 260 ## - |
| -- |
Wien : |
| -- |
Verlag Orac ; |
| -- |
1999. |
| 300 ## - |
| -- |
205 f. : |
| -- |
22cm. |
| 500 ## - |
| -- |
Einleitung : f. 7 |
| 650 ## - |
| -- |
Marketingu. |
| -- |
Kina |
| 942 ## - ADDED ENTRY ELEMENTS (KOHA) |
| Source of classification or shelving scheme |
|
| Item type |
Books |